ছোট রাজকুমার শেখ রাসেল / (Record no. 259503)
[ view plain ]
| 000 -LEADER | |
|---|---|
| fixed length control field | 00815nam a22002057a 4500 |
| 003 - CONTROL NUMBER IDENTIFIER | |
| control field | BD-DhUL |
| 005 - DATE AND TIME OF LATEST TRANSACTION | |
| control field | 20240613144428.0 |
| 008 - FIXED-LENGTH DATA ELEMENTS--GENERAL INFORMATION | |
| fixed length control field | 240515s2022 bg a|||| b||| 000 0 ben |
| 020 ## - INTERNATIONAL STANDARD BOOK NUMBER | |
| International Standard Book Number | 9847021401925 (hbk) |
| 040 ## - CATALOGING SOURCE | |
| Original cataloging agency | BD-DhUL |
| Transcribing agency | BD-DhUL |
| 082 ## - DEWEY DECIMAL CLASSIFICATION NUMBER | |
| Edition number | 23 |
| Classification number | 920 |
| Item number | KHC |
| 100 10 - MAIN ENTRY--PERSONAL NAME | |
| Personal name | খান, মো. মোজাম্মেল হক |
| 245 ## - TITLE STATEMENT | |
| Title | ছোট রাজকুমার শেখ রাসেল / |
| Statement of responsibility, etc. | মো. মোজাম্মেল হক খান। |
| 260 ## - PUBLICATION, DISTRIBUTION, ETC. (IMPRINT) | |
| Place of publication, distribution, etc. | ঢাকা : |
| Name of publisher, distributor, etc. | হাক্কানী, |
| Date of publication, distribution, etc. | ২০২২। |
| 300 ## - PHYSICAL DESCRIPTION | |
| Extent | ১২৮ পৃ. : |
| Other physical details | সম্মুখ চিত্র, চিত্র ; |
| Dimensions | ২৪ সেমি। |
| 365 ## - TRADE PRICE | |
| Price type code | BDT |
| Price amount | 600.00 |
| 600 #4 - SUBJECT ADDED ENTRY--PERSONAL NAME | |
| Personal name | রাসেল, শেখ |
| General subdivision | জীবনী। |
| 600 #4 - SUBJECT ADDED ENTRY--PERSONAL NAME | |
| Personal name | Rasel, Sheikh |
| General subdivision | Biography. |
| 942 ## - ADDED ENTRY ELEMENTS (KOHA) | |
| Source of classification or shelving scheme | |
| Koha item type | Books |
| Price effective from | Date last seen | Permanent Location | Not for loan | Date acquired | Source of classification or shelving scheme | Koha item type | Lost status | Withdrawn status | Copy number | Source of acquisition | Collection code | Damaged status | Shelving location | Barcode | Current Location | Public note | Full call number |
|---|---|---|---|---|---|---|---|---|---|---|---|---|---|---|---|---|---|
| 2024-06-13 | 2024-06-13 | Dhaka University Library | Not For Loan | 2024-03-19 | Books | 1 | Purchased | Non Fiction | Bangabandhu Corner | 533314 | Dhaka University Library | Bangabandhu Corner | 920 KHC | ||||
| 2024-06-13 | 2024-06-13 | Dhaka University Library | Not For Loan | 2024-03-19 | Books | 2 | Purchased | Non Fiction | Bangabandhu Corner | 533315 | Dhaka University Library | Bangabandhu Corner | 920 KHC |
